Opere Inedite

Đã lưu trong:
Chi tiết về thư mục
Tác giả chính: Ormando, Alfredo
Định dạng: Sách
Ngôn ngữ:Tiếng Anh
Các nhãn: Thêm thẻ
Không có thẻ, Là người đầu tiên thẻ bản ghi này!

MARC

LEADER 00000nam a2200000 4500
005 20240710183322.0
008 240710b |||||||| |||| 00| 0 eng d
040 |c GP 
100 |a Ormando, Alfredo 
245 |a Opere Inedite 
942 |2 ddc  |c BK  |n 0 
952 |0 0  |1 0  |2 ddc  |4 0  |6 392_203000000000000_ORM  |7 1  |9 1607  |a RM  |b RM  |d 2024-07-10  |l 0  |o 392.203 ORM  |p 308  |r 2024-07-10 18:33:42  |w 2024-07-10  |y BK 
999 |c 1426  |d 1426